000 01236cam a2200277 4500
001 ABS64425
008 010905n2001 000 0 eng u
035 _a(Sirsi) u114435
100 _aWalker, G
245 _aFireworks, chemicals, and risks
260 _c2001
490 _aTown & Country Planning
_v70(7/8) July/August 2001, 204-207(4)
520 _aStudies the role of land use planning in ensuring the public are safe from potentially hazardous materials stored or used on sites in inappropriate locations such as residential areas. Looks at disasters such as Bhopal and Enschede which show the need for regulatory responses and legislation that is already in place. Land use planners need to balance the costs and benefits of protecting public safety and risk perception, assessment and management.
590 _aABS
650 _aLAND USE PLANNING
650 _aPLANNING AUTHORITIES
650 _aPUBLIC SAFETY
650 _aRISKS
650 _aDIRECTIVE 96/82/EC
650 _aCONTROL OF MAJOR-ACCIDENT HAZARDS REGULATIONS 1999
650 _aCOMAH REGULATIONS
650 _aDANGEROUS SUBSTANCES
650 _aHAZARDS
690 _aENVIRONMENTAL AND LAND CONSULTANCY-PLANNING AND DEVELOPMENT
942 _n0
999 _c68160
_d68160